Las Cajas de Ahorros y su funcionamiento / Juan Serra Saún
Descripción Física:
358 p. ; 23 cm
Materias:
Caixes d'estalvis
MARC
| LEADER | 00000nam a2200000Ia 4500 | ||
|---|---|---|---|
| 001 | 10366 | ||
| 008 | 160829s1971 xx 000 0 cat d | ||
| 080 | |a M-2-85 | ||
| 100 | |a Serra Saún, Juan |9 25410 | ||
| 245 | |a Las Cajas de Ahorros y su funcionamiento / Juan Serra Saún | ||
| 260 | |a Barcelona : |b Ariel, |c 1971 | ||
| 300 | |a 358 p. ; |c 23 cm | ||
| 650 | 0 | |a Caixes d'estalvis |9 25411 | |
| 901 | |a Arxiu | ||
| 942 | |n 1 | ||
| 952 | |0 0 |1 0 |4 0 |6 M285 |7 1 |9 43604 |a Arxiu |b Arxiu |d 2016-12-01 |l 0 |o M-2-85 |p 10366 |r 2016-12-01 00:00:00 |w 2016-12-01 |y ARXIU | ||
| 999 | |c 46152 |d 46152 | ||